[Event "XI Weekend C"]
[Site "Gorgonzola ITA"]
[Date "2006.11.12"]
[Round "3"]
[White "Delle Fave, Fabio"]
[Black "Paolini, Novello Massimo"]
[Result "1/2-1/2"]
[WhiteElo "1720"]
[BlackElo "1688"]
[PlyCount "44"]
[EventDate "2006.11.11"]

1. e4 Nf6 2. Nc3 d6 3. d4 g6 4. Nf3 Bg7 5. Bd3 O-O 6. h3 c6 7. O-O b5 8. Be3 a6
9. a3 Bb7 10. Qd2 Nbd7 11. b4 Qc7 12. Rac1 Rad8 13. Bh6 c5 14. Bxg7 Kxg7 15.
Rfe1 c4 16. Bf1 e6 17. Rcd1 Nb6 18. Qe3 Rfe8 19. Nd2 Nbd7 20. f4 Qb6 21. Nf3 d5
22. e5 Ne4 1/2-1/2

[Event "XI Weekend C"]
[Site "Gorgonzola ITA"]
[Date "2006.11.12"]
[Round "3"]
[White "Epitome, Nando"]
[Black "Sbernini, Daniele"]
[Result "1/2-1/2"]
[WhiteElo "1661"]
[BlackElo "1596"]
[PlyCount "57"]
[EventDate "2006.11.11"]

1. d4 d5 2. c4 e6 3. Nc3 Nf6 4. Nf3 c6 5. a4 Nbd7 6. h3 Bb4 7. Bd2 b6 8. e3 Bb7
9. Rc1 c5 10. Nb5 Bxd2+ 11. Nxd2 O-O 12. Nf3 Qb8 13. Bd3 a6 14. Nc3 e5 15. dxe5
Nxe5 16. Nxe5 Qxe5 17. O-O dxc4 18. Bxc4 Qg5 19. g3 h5 20. Kh2 Rad8 21. Qe2 Qf5
22. f3 Bc8 23. g4 hxg4 24. fxg4 Qe5+ 25. Kg1 Qg3+ 26. Qg2 Qxe3+ 27. Kh2 Rd2 28.
Be2 Rfd8 29. Qg3 1/2-1/2

[Event "XI Weekend C"]
[Site "Gorgonzola ITA"]
[Date "2006.11.12"]
[Round "3"]
[White "Ferraris, Fulvio"]
[Black "Galimberti, Maurizio"]
[Result "1-0"]
[WhiteElo "1706"]
[BlackElo "1524"]
[PlyCount "99"]
[EventDate "2006.11.11"]

1. d4 e6 2. Nf3 b6 3. Bf4 Bb7 4. e3 Nf6 5. Bd3 Be7 6. Nbd2 d6 7. c3 Nh5 8. Bg3
Nd7 9. Qc2 f5 10. Kf1 Ndf6 11. Bh4 Nd5 12. Bxe7 Nxe7 13. Re1 Nf6 14. e4 f4 15.
Bc4 Qc8 16. Ng5 Ba6 17. Qa4+ b5 18. Bxb5+ Bxb5+ 19. Qxb5+ c6 20. Qa4 h6 21. Nc4
Kd7 22. Nf3 Qb7 23. Nxd6 Kxd6 24. e5+ Kd7 25. exf6 gxf6 26. Qc4 Qb5 27. Qxb5
cxb5 28. Nd2 f5 29. Nb3 Rae8 30. Nc5+ Kc8 31. Nxe6 Ng6 32. Ng7 Rxe1+ 33. Kxe1
Rh7 34. Nxf5 Kd7 35. Kd2 Ke6 36. g4 h5 37. Re1+ Kf6 38. h3 hxg4 39. hxg4 Rh2
40. Re2 f3 41. Re3 Rxf2+ 42. Ke1 Rxb2 43. Rxf3 Kg5 44. Ne3 Nf4 45. a3 Rb1+ 46.
Kd2 Rb2+ 47. Nc2 Rb3 48. d5 Kxg4 49. Rxf4+ Kxf4 50. d6 1-0

[Event "XI Weekend C"]
[Site "Gorgonzola ITA"]
[Date "2006.11.12"]
[Round "3"]
[White "Gazzetta, Marco"]
[Black "Idili, Leonardo"]
[Result "1-0"]
[WhiteElo "1673"]
[BlackElo "1710"]
[PlyCount "83"]
[EventDate "2006.11.11"]

1. e4 c5 2. Nc3 Nc6 3. g3 g6 4. Bg2 Bg7 5. Nge2 d6 6. O-O e6 7. d3 Nge7 8. Be3
O-O 9. Qd2 Rb8 10. Bh6 b5 11. Bxg7 Kxg7 12. Nd1 Qa5 13. Qf4 e5 14. Qg5 f6 15.
Qc1 Bg4 16. f3 Bd7 17. Ne3 b4 18. f4 f5 19. exf5 Nxf5 20. Nxf5+ Rxf5 21. fxe5
Rxf1+ 22. Qxf1 Rf8 23. Qe1 Nxe5 24. Nf4 Qd8 25. d4 Nc4 26. dxc5 dxc5 27. Rd1
Qc8 28. Qe7+ Rf7 29. Qe4 Nb6 30. Qe5+ Kh6 31. b3 Qe8 32. Qxc5 Bf5 33. Nd3 Bxd3
34. cxd3 Qe2 35. Rf1 Re7 36. Be4 Rd7 37. Qf8+ Rg7 38. Qf4+ g5 39. Qf6+ Rg6 40.
Bxg6 Nd5 41. Qf8+ Kxg6 42. Qf5+ 1-0

[Event "XI Weekend C"]
[Site "Gorgonzola ITA"]
[Date "2006.11.12"]
[Round "3"]
[White "Loaldi, Davide"]
[Black "Delledonne, Francesco"]
[Result "0-1"]
[WhiteElo "1524"]
[BlackElo "1586"]
[PlyCount "78"]
[EventDate "2006.11.11"]

1. e4 c5 2. Nf3 d6 3. d4 cxd4 4. Nxd4 Nf6 5. Nc3 a6 6. Be2 e5 7. Nb3 Be7 8. O-O
O-O 9. Bg5 Be6 10. Bxf6 Bxf6 11. Nd5 Bxd5 12. Qxd5 Qc7 13. Rac1 Nd7 14. c3 b5
15. Rcd1 Be7 16. f4 Nb6 17. Qd2 Nc4 18. Bxc4 bxc4 19. Nc1 Rab8 20. b3 a5 21.
fxe5 dxe5 22. Qd7 Qb6+ 23. Kh1 Bf6 24. Rd6 Qe3 25. Rdxf6 gxf6 26. Qg4+ Qg5 27.
Qe2 cxb3 28. Nxb3 Rfc8 29. Rf3 Kf8 30. h3 a4 31. Nd2 Rb2 32. Rd3 Rxa2 33. Qe1
Rb8 34. Qf2 Ra1+ 35. Kh2 Qf4+ 36. Qxf4 exf4 37. c4 Rd1 38. c5 a3 39. c6 Rc8 0-1

[Event "XI Weekend C"]
[Site "Gorgonzola ITA"]
[Date "2006.11.12"]
[Round "3"]
[White "Madaschi, Sergio"]
[Black "Politi, Marco Augusto"]
[Result "1-0"]
[WhiteElo "1568"]
[BlackElo "1643"]
[PlyCount "142"]
[EventDate "2006.11.11"]

1. e4 c6 2. Nc3 a6 3. Nf3 d6 4. Be2 e5 5. O-O Nf6 6. d4 Nbd7 7. Bg5 Be7 8. dxe5
Nxe5 9. h3 Ng6 10. Qd2 O-O 11. Rfd1 Be6 12. Qe3 Qc7 13. Rd2 h6 14. Bxf6 Bxf6
15. a3 Rfd8 16. Rad1 Ne5 17. Rb1 Nxf3+ 18. Qxf3 Bg5 19. Rdd1 Rf8 20. Bd3 Bf6
21. Ne2 b5 22. c3 Bb3 23. Rf1 c5 24. Nc1 Be6 25. Qd1 Qa7 26. Ne2 Rad8 27. Nf4
Be7 28. Nxe6 fxe6 29. Qg4 Rf6 30. Rbe1 e5 31. Qg3 Rdf8 32. Be2 Rf4 33. Qd3 c4
34. Qd5+ Kh8 35. Bf3 Qc7 36. Rd1 g6 37. Rd2 Kg7 38. Ra1 R4f6 39. a4 Qb8 40.
axb5 Rc8 41. bxa6 Qa7 42. Qb7 Qxb7 43. axb7 Rb8 44. Be2 Rxb7 45. Bxc4 Rc7 46.
Bd5 Rf8 47. c4 Rb8 48. Rb1 Rb6 49. b4 Ra7 50. Rdb2 Ra4 51. b5 Kf6 52. Rb4 Ra3
53. Bc6 d5 54. Bxd5 Bxb4 55. Rxb4 Ra1+ 56. Kh2 Ra5 57. Bc6 Rb8 58. b6 Ke6 59.
b7 Kd6 60. Bd5 Ra2 61. f3 Ra5 62. h4 Ra6 63. Rb5 Rc6 64. g4 Kc7 65. c5 Rxb7 66.
Rxb7+ Kxb7 67. Bxc6+ Kxc6 68. Kg3 Kxc5 69. f4 exf4+ 70. Kxf4 Kd4 71. h5 gxh5
1-0

[Event "XI Weekend C"]
[Site "Gorgonzola ITA"]
[Date "2006.11.12"]
[Round "3"]
[White "Megna, Giuseppe"]
[Black "Gallo, Carlo"]
[Result "1-0"]
[WhiteElo "1691"]
[BlackElo "1748"]
[PlyCount "67"]
[EventDate "2006.11.11"]

1. d4 d6 2. e4 Nf6 3. Nc3 g6 4. Bd3 Bg7 5. Nge2 O-O 6. O-O c5 7. dxc5 dxc5 8.
Be3 b6 9. Qe1 a6 10. Rd1 Qc7 11. Nf4 e6 12. Qe2 Nc6 13. g3 Ne5 14. b3 b5 15.
Bxb5 axb5 16. Nxb5 Qe7 17. a4 Ba6 18. f3 Rfd8 19. Kg2 Rxd1 20. Rxd1 Bxb5 21.
Qxb5 Rc8 22. c4 Qc7 23. a5 Nfd7 24. Ne2 Rb8 25. Qa4 Rb4 26. Qa3 Qb8 27. Nc1 Nf6
28. Bxc5 Rb7 29. Bd6 Qa7 30. Bxe5 Rd7 31. Rxd7 Qxd7 32. Qd6 Qa7 33. Qd8+ Bf8
34. Qxf6 1-0

[Event "XI Weekend C"]
[Site "Gorgonzola ITA"]
[Date "2006.11.12"]
[Round "3"]
[White "Menato, Nazario"]
[Black "Magistroni, Imerio"]
[Result "1/2-1/2"]
[WhiteElo "1544"]
[BlackElo "1693"]
[PlyCount "41"]
[EventDate "2006.11.11"]

1. Nf3 g6 2. g3 Bg7 3. Bg2 Nf6 4. d3 d5 5. O-O O-O 6. Nbd2 Nbd7 7. e4 dxe4 8.
dxe4 Nc5 9. Re1 c6 10. Qe2 Qc7 11. Qc4 Ncd7 12. e5 Nb6 13. Qh4 Nh5 14. Nc4 Nxc4
15. Qxc4 Be6 16. Qh4 Bh8 17. g4 Ng7 18. Ng5 h5 19. Bf3 Bd5 20. Bxd5 cxd5 21. c3
1/2-1/2

[Event "XI Weekend C"]
[Site "Gorgonzola ITA"]
[Date "2006.11.12"]
[Round "3"]
[White "Petetta, Roberto"]
[Black "Orsucci, Marzio"]
[Result "1-0"]
[WhiteElo "1652"]
[BlackElo "1583"]
[PlyCount "47"]
[EventDate "2006.11.11"]

1. e4 c5 2. Nf3 Nc6 3. d4 cxd4 4. Nxd4 d6 5. Bc4 Nf6 6. f3 g6 7. Be3 Bg7 8. Qd2
d5 9. exd5 Nxd5 10. Bxd5 Qxd5 11. Nc3 Qd7 12. O-O-O O-O 13. Ndb5 Qxd2+ 14. Rxd2
Be5 15. Nd5 a6 16. Nd4 Bxd4 17. Bxd4 Nxd4 18. Nxe7+ Kh8 19. Rxd4 Be6 20. Nd5
Rfd8 21. Rhd1 Rac8 22. b3 Rc5 23. Nf4 Bf5 24. Rxd8+ 1-0

[Event "XI Weekend C"]
[Site "Gorgonzola ITA"]
[Date "2006.11.12"]
[Round "3"]
[White "Pezzotta, Gianni"]
[Black "Corti, Filippo"]
[Result "1/2-1/2"]
[WhiteElo "1504"]
[BlackElo "1625"]
[PlyCount "153"]
[EventDate "2006.11.11"]

1. d4 Nf6 2. Nf3 g6 3. Nbd2 d5 4. c3 Bg7 5. e3 c6 6. Bd3 Nbd7 7. O-O O-O 8. e4
dxe4 9. Nxe4 Qc7 10. Bg5 Nxe4 11. Bxe4 Nf6 12. Bc2 b6 13. Re1 Bb7 14. Bh4 e6
15. Bg3 Qe7 16. Rb1 Rfd8 17. Bh4 c5 18. Be4 cxd4 19. cxd4 h6 20. Bxb7 Qxb7 21.
Bg3 Rac8 22. Be5 Nd5 23. Bxg7 Kxg7 24. Qd2 Rc7 25. Rbd1 Rdc8 26. Rc1 Rxc1 27.
Rxc1 Rxc1+ 28. Qxc1 Qc7 29. Qd2 Qc4 30. a3 f6 31. h3 g5 32. g3 Ne7 33. Kg2 Qd5
34. g4 Ng6 35. Kg3 Qd6+ 36. Kg2 Qd5 37. Kg3 Qd6+ 38. Kg2 Nf4+ 39. Kh2 Ng6+ 40.
Kg2 Qd5 41. Kg3 f5 42. Qc3 Qd6+ 43. Ne5 Nf4 44. Qd2 Qd5 45. f3 Qxd4 46. Qxd4
Ne2+ 47. Kf2 Nxd4 48. Nd3 Kf6 49. Ne1 Ke5 50. Nd3+ Kd5 51. Kg2 a5 52. b4 axb4
53. axb4 Kc4 54. Ne5+ Kxb4 55. Nf7 Kc5 56. Nxh6 fxg4 57. fxg4 b5 58. Nf7 b4 59.
Nxg5 b3 60. Ne4+ Kb4 61. Nd2 b2 62. g5 Nf5 63. g6 Nh4+ 64. Kf2 Nxg6 65. Ke2 Kc3
66. Kd1 Nh4 67. Nb1+ Kd3 68. Nd2 Ke3 69. Kc2 Nf3 70. Nc4+ Kf2 71. Nxb2 Kg3 72.
Nd3 e5 73. Kd1 Kxh3 74. Ke2 Nd4+ 75. Kf2 Nc6 76. Ke3 Kh4 77. Nxe5 1/2-1/2

[Event "XI Weekend C"]
[Site "Gorgonzola ITA"]
[Date "2006.11.12"]
[Round "3"]
[White "Raimondi, Davide"]
[Black "Bruno, Riccardo"]
[Result "1/2-1/2"]
[WhiteElo "1678"]
[BlackElo "1586"]
[PlyCount "34"]
[EventDate "2006.11.11"]

1. e4 c5 2. Nf3 Nc6 3. d4 cxd4 4. Nxd4 e5 5. Nb5 d6 6. N1c3 a6 7. Na3 b5 8. Nd5
Nf6 9. Bg5 Be7 10. Bxf6 Bxf6 11. c3 O-O 12. Nc2 Bg5 13. a4 bxa4 14. Rxa4 a5 15.
Bc4 Rb8 16. b3 Kh8 17. Nce3 f5 1/2-1/2

[Event "XI Weekend C"]
[Site "Gorgonzola ITA"]
[Date "2006.11.12"]
[Round "3"]
[White "Rinaldo, Andrea"]
[Black "Mariucci, Felice"]
[Result "1-0"]
[WhiteElo "1748"]
[BlackElo "1661"]
[PlyCount "83"]
[EventDate "2006.11.11"]

1. d4 Nf6 2. Nf3 e6 3. Nbd2 b6 4. e4 Bb7 5. Bd3 d6 6. O-O Be7 7. c4 c5 8. d5 e5
9. h3 O-O 10. Nh2 Bc8 11. g4 Ne8 12. Qf3 Nd7 13. Re1 Bg5 14. Ndf1 g6 15. Ne3
Ng7 16. Qg2 h5 17. Nf3 Bf4 18. Kh1 Kh7 19. Rg1 hxg4 20. Nxg4 Rh8 21. Bxf4 exf4
22. e5 dxe5 23. Nfxe5 Nxe5 24. Nxe5 Kg8 25. Nxf7 Qf6 26. Nxh8 Kxh8 27. Qxg6
Qxg6 28. Rxg6 Nf5 29. Rag1 Bd7 30. Bxf5 Bxf5 31. Rf6 Be4+ 32. Kh2 f3 33. Re6
Bd3 34. b3 Kh7 35. Re3 Be2 36. Re7+ Kh6 37. d6 Rd8 38. d7 b5 39. cxb5 Bxb5 40.
Rgg7 Be2 41. Kg3 Bd1 42. Re8 1-0

[Event "XI Weekend C"]
[Site "Gorgonzola ITA"]
[Date "2006.11.12"]
[Round "3"]
[White "Safira, Anamaria"]
[Black "Nastasi, Maurizio"]
[Result "0-1"]
[WhiteElo "1689"]
[BlackElo "1553"]
[PlyCount "76"]
[EventDate "2006.11.11"]

1. d4 Nf6 2. Nf3 g6 3. Bf4 d6 4. e3 Bg7 5. Be2 O-O 6. Nbd2 Nbd7 7. h3 c5 8. c3
Qb6 9. Qc2 Qc6 10. Rc1 b5 11. O-O Bb7 12. c4 cxd4 13. cxb5 Qxc2 14. Rxc2 Nd5
15. Nxd4 Bxd4 16. Bh6 Bg7 17. Bxg7 Kxg7 18. Rfc1 Rac8 19. Bf3 Rxc2 20. Rxc2 f5
21. e4 fxe4 22. Bxe4 Nc5 23. Bf3 Rb8 24. a3 Nf4 25. b4 Nce6 26. Rc4 Bxf3 27.
Nxf3 Rxb5 28. a4 d5 29. Rc6 Rxb4 30. Ra6 Rb7 31. Kh2 d4 32. g3 d3 33. gxf4 Nxf4
34. Kg3 Nd5 35. Rc6 Rb2 36. Rc1 d2 37. Rd1 Nc3 38. Rxd2 Ne4+ 0-1

[Event "XI Weekend C"]
[Site "Gorgonzola ITA"]
[Date "2006.11.12"]
[Round "3"]
[White "Squillante, Michele"]
[Black "Ragoso, Mario"]
[Result "1-0"]
[WhiteElo "1721"]
[BlackElo "1604"]
[PlyCount "99"]
[EventDate "2006.11.11"]

1. d4 Nf6 2. Nf3 g6 3. Bg5 Bg7 4. Nbd2 d6 5. c3 O-O 6. e4 h6 7. Bh4 Nbd7 8. Bd3
a6 9. O-O b5 10. Re1 e5 11. Rc1 g5 12. Bg3 Nh5 13. Nxe5 Nxg3 14. Nc6 Qe8 15.
hxg3 Nf6 16. Nb4 Bg4 17. f3 Bd7 18. e5 dxe5 19. Rxe5 Qd8 20. Re1 Be6 21. a3 a5
22. Nc6 Qd7 23. Bxb5 Qd6 24. Ne5 Nd7 25. Ne4 Qe7 26. Nxd7 Bxd7 27. Nc5 Qxe1+
28. Qxe1 Bxb5 29. Qd2 Rfd8 30. Re1 Bf6 31. Qc2 Rab8 32. Qf5 Bg7 33. Ne4 Kf8 34.
Qc5+ Kg8 35. Qxc7 Rdc8 36. Qd6 Kh8 37. Qd5 Bd3 38. Qxf7 Rf8 39. Qa7 Ra8 40. Qd7
a4 41. Nd6 Bf6 42. Nf7+ Kg8 43. Nxh6+ Kh8 44. Ng4 Bf5 45. Qd6 Bxg4 46. fxg4
Rad8 47. Qc6 Ra8 48. Re6 Kg7 49. Rxf6 Rac8 50. Rg6+ 1-0

[Event "XI Weekend C"]
[Site "Gorgonzola ITA"]
[Date "2006.11.12"]
[Round "3"]
[White "Villa, Maurizio"]
[Black "Rossini, Walter"]
[Result "1-0"]
[WhiteElo "1530"]
[BlackElo "1514"]
[PlyCount "61"]
[EventDate "2006.11.11"]

1. d4 d5 2. Nf3 Nf6 3. Bg5 e6 4. e3 Be7 5. Nbd2 O-O 6. Bd3 Nbd7 7. O-O b6 8.
Re1 Bb7 9. Rc1 c5 10. c3 h6 11. Bf4 Nh5 12. Be5 f6 13. Bf4 f5 14. Be5 g5 15.
Nxg5 Bxg5 16. Qxh5 Nxe5 17. dxe5 Qe8 18. Qh3 Qg6 19. f4 Bd8 20. Rf1 Qg4 21. Rf3
Bh4 22. Qxg4+ fxg4 23. Rff1 Kg7 24. g3 Be7 25. e4 Rad8 26. Rcd1 h5 27. f5 exf5
28. exf5 Bg5 29. f6+ Kh8 30. Rf5 Be3+ 31. Kf1 1-0

[Event "XI Weekend C"]
[Site "Gorgonzola ITA"]
[Date "2006.11.18"]
[Round "4"]
[White "Agustoni, Alessandro"]
[Black "Brighenti, Alessandro"]
[Result "1-0"]
[WhiteElo "1506"]
[BlackElo "1588"]
[PlyCount "77"]
[EventDate "2006.11.11"]

1. e4 e5 2. Nf3 Nc6 3. Bc4 Be7 4. d4 d6 5. dxe5 dxe5 6. Qxd8+ Bxd8 7. Bg5 Bg4
8. Nbd2 h6 9. Be3 Nf6 10. h3 Bh5 11. O-O-O Bg6 12. Bd3 Be7 13. Ne1 O-O-O 14.
Kb1 Nb4 15. f3 Rd7 16. Nc4 Nc6 17. g4 b5 18. Na3 a6 19. c3 Rhd8 20. Kc2 Ne8 21.
Ng2 f6 22. Bf2 Bf7 23. Be2 Bxa2 24. Rxd7 Rxd7 25. Ra1 Be6 26. Nxb5 axb5 27.
Ra8+ Kb7 28. Rxe8 b4 29. Bb5 b3+ 30. Kc1 Bf7 31. Bxc6+ Kxc6 32. Ra8 Bc4 33. Ne3
Kb7 34. Ra5 Be2 35. Nd5 c6 36. Ra7+ Kc8 37. Nb6+ Kb8 38. Nxd7+ Kc8 39. Nxe5 1-0

[Event "XI Weekend C"]
[Site "Gorgonzola ITA"]
[Date "2006.11.18"]
[Round "4"]
[White "Bruno, Riccardo"]
[Black "Myftaraj, Ylli"]
[Result "1/2-1/2"]
[WhiteElo "1586"]
[BlackElo "1524"]
[PlyCount "108"]
[EventDate "2006.11.11"]

1. c4 e6 2. e4 c6 3. Nc3 Bb4 4. Nf3 d5 5. cxd5 exd5 6. exd5 Bxc3 7. dxc3 Qxd5
8. Qxd5 cxd5 9. Bg5 h6 10. Bh4 Be6 11. O-O-O g5 12. Bg3 Nc6 13. Bb5 Nge7 14.
Rhe1 O-O-O 15. Nd4 Bd7 16. Nxc6 Nxc6 17. Rxd5 Be6 18. Rxd8+ Rxd8 19. Bxc6 bxc6
20. b3 Rd3 21. Re3 Rxe3 22. fxe3 Bd5 23. h4 Bxg2 24. hxg5 hxg5 25. Kd2 Be4 26.
c4 Kb7 27. Be5 f5 28. a3 Bb1 29. b4 g4 30. Kc3 Be4 31. Kd4 Bf3 32. Kc5 Be2 33.
Bf4 Bd3 34. Kd4 Be4 35. Ke5 Bd3 36. Kf6 Be4 37. c5 Bd3 38. a4 a6 39. Ke6 Bc2
40. Bg3 Be4 41. Kd7 Bd3 42. Kd6 Be4 43. Ke5 Bc2 44. Bf4 Be4 45. Kd6 Bd3 46. Kd7
Be4 47. Bg3 Bd3 48. Kd6 Bc2 49. Ke5 Be4 50. Kd4 Bc2 51. a5 Be4 52. Ke5 Bd3 53.
Kd6 Bb5 54. Ke5 Bd3 1/2-1/2

[Event "XI Weekend C"]
[Site "Gorgonzola ITA"]
[Date "2006.11.18"]
[Round "4"]
[White "Calvi, Luca"]
[Black "Basilico, Davide"]
[Result "0-1"]
[WhiteElo "1536"]
[BlackElo "1605"]
[PlyCount "67"]
[EventDate "2006.11.11"]

1. d4 d5 2. c4 e6 3. Nc3 Nf6 4. cxd5 exd5 5. Bg5 Be7 6. e3 c6 7. Qc2 h6 8. Bh4
O-O 9. Bd3 Nbd7 10. Nge2 Bd6 11. f3 Qc7 12. Bg3 Re8 13. Bxd6 Qxd6 14. e4 dxe4
15. fxe4 Ng4 16. e5 Ndxe5 17. dxe5 Qxe5 18. Nd1 Nxh2 19. Nf2 Qg3 20. O-O-O Qxf2
21. Qc4 Ng4 22. Rdf1 Qe3+ 23. Kb1 Be6 24. Qc3 Nf2 25. Bh7+ Kxh7 26. Qxe3 Bf5+
27. Kc1 Rxe3 28. Rxf2 Rae8 29. Nd4 Bg6 30. Nb3 Re1+ 31. Rxe1 Rxe1+ 32. Kd2 Re5
33. Kc3 Rg5 34. Nc5 0-1

[Event "XI Weekend C"]
[Site "Gorgonzola ITA"]
[Date "2006.11.18"]
[Round "4"]
[White "Corti, Filippo"]
[Black "Madaschi, Sergio"]
[Result "1-0"]
[WhiteElo "1625"]
[BlackElo "1568"]
[PlyCount "77"]
[EventDate "2006.11.11"]

1. Nf3 Nf6 2. g3 g6 3. Bg2 Bg7 4. d4 d6 5. c4 c6 6. Nc3 Nbd7 7. O-O O-O 8. e4
e5 9. d5 cxd5 10. cxd5 Nc5 11. Re1 Bd7 12. b4 Na6 13. Rb1 b5 14. Qe2 Nc7 15. h3
Rb8 16. Be3 a6 17. Nd2 Na8 18. Nb3 Nb6 19. Na5 Ne8 20. Red1 f5 21. Nc6 Bxc6 22.
dxc6 Nc4 23. Nd5 Rf7 24. h4 Rc8 25. Bg5 Bf6 26. exf5 Bxg5 27. hxg5 Rxf5 28. Bh3
Qxg5 29. Bxf5 gxf5 30. Qf3 Kh8 31. Kg2 e4 32. Qf4 Qxf4 33. Nxf4 Nf6 34. Rh1 Kg8
35. Rh6 Kg7 36. Rbh1 Rxc6 37. Ne6+ Kf7 38. Nd8+ Kg7 39. Nxc6 1-0

[Event "XI Weekend C"]
[Site "Gorgonzola ITA"]
[Date "2006.11.18"]
[Round "4"]
[White "Delledonne, Francesco"]
[Black "Villa, Maurizio"]
[Result "1-0"]
[WhiteElo "1586"]
[BlackElo "1530"]
[PlyCount "83"]
[EventDate "2006.11.11"]

1. e4 c6 2. Nc3 d5 3. Nf3 Bg4 4. h3 Bh5 5. d3 Nf6 6. e5 Nfd7 7. d4 e6 8. g4 Bg6
9. h4 h6 10. h5 Bh7 11. Bd3 Bxd3 12. Qxd3 c5 13. Bf4 Nc6 14. O-O-O c4 15. Qe3
Bb4 16. a3 Ba5 17. g5 Qb6 18. gxh6 gxh6 19. Bxh6 O-O-O 20. Bg7 Rh7 21. h6 Ne7
22. Ng5 Nf5 23. Qf4 Rxg7 24. hxg7 Nxg7 25. Nxf7 Rf8 26. Nd6+ Qxd6 27. Qg5 Qa6
28. Qxg7 Bxc3 29. Rh8 Bxb2+ 30. Kxb2 Qb6+ 31. Ka2 Rxh8 32. Qxh8+ Kc7 33. Qh3 a6
34. Qc3 Qc6 35. Qb4 Kc8 36. Rg1 Kc7 37. Qa5+ Nb6 38. Rg7+ Kd8 39. Qb4 Nd7 40.
Qe7+ Kc7 41. Rg6 Qa4 42. Qd6+ 1-0

[Event "XI Weekend C"]
[Site "Gorgonzola ITA"]
[Date "2006.11.18"]
[Round "4"]
[White "Ferraris, Fulvio"]
[Black "Delle Fave, Fabio"]
[Result "1/2-1/2"]
[WhiteElo "1706"]
[BlackElo "1720"]
[PlyCount "49"]
[EventDate "2006.11.11"]

1. d4 Nf6 2. Nf3 e6 3. Bg5 Be7 4. e3 d5 5. c4 Nbd7 6. Nc3 h6 7. Bh4 b6 8. cxd5
Nxd5 9. Nxd5 exd5 10. Bg3 Bb7 11. Bd3 c5 12. Rc1 Rc8 13. O-O O-O 14. a3 c4 15.
Bb1 Nf6 16. Qc2 Ne4 17. Rfe1 a5 18. Nd2 f5 19. Nxe4 dxe4 20. Ba2 b5 21. Qb1 a4
22. Red1 Bd5 23. Qc2 g5 24. Be5 Bd6 25. Bxd6 1/2-1/2

[Event "XI Weekend C"]
[Site "Gorgonzola ITA"]
[Date "2006.11.18"]
[Round "4"]
[White "Galimberti, Maurizio"]
[Black "Babic, Vladimir"]
[Result "0-1"]
[WhiteElo "1524"]
[BlackElo "1620"]
[PlyCount "78"]
[EventDate "2006.11.11"]

1. Nf3 d5 2. e4 Bg4 3. exd5 Qxd5 4. Be2 Nc6 5. Nc3 Qd7 6. d3 Nf6 7. Bf4 a6 8.
Qd2 h6 9. h3 Bf5 10. a3 e6 11. Ne5 Nxe5 12. Bxe5 O-O-O 13. O-O-O Bd6 14. Qe3
Kb8 15. Bf3 Qe7 16. Bxd6 Rxd6 17. g4 Bg6 18. Bg2 Qd7 19. Qf3 c6 20. Qg3 Ka7 21.
Qe3+ b6 22. Rhe1 Nd5 23. Nxd5 cxd5 24. f4 d4 25. Qd2 f6 26. Kb1 Bf7 27. Qb4 g5
28. fxg5 hxg5 29. Qd2 Rc8 30. Qf2 e5 31. Be4 Rh8 32. Bf5 Qb5 33. Rh1 Qd5 34. b3
a5 35. Qd2 a4 36. Qb4 axb3 37. Qa4+ Kb8 38. Rh2 bxc2+ 39. Rxc2 Qb3+ 0-1

[Event "XI Weekend C"]
[Site "Gorgonzola ITA"]
[Date "2006.11.18"]
[Round "4"]
[White "Gallo, Carlo"]
[Black "Epitome, Nando"]
[Result "0-1"]
[WhiteElo "1748"]
[BlackElo "1661"]
[PlyCount "89"]
[EventDate "2006.11.11"]

1. c4 c5 2. Nf3 Nf6 3. d4 cxd4 4. Nxd4 e6 5. Nc3 a6 6. e3 d6 7. Be2 Be7 8. O-O
O-O 9. Bd2 Nbd7 10. Qc2 Qc7 11. Rac1 b6 12. Rfd1 Bb7 13. a3 Rac8 14. b3 Ne5 15.
Qb1 Rfd8 16. f4 Nc6 17. Nf3 Qb8 18. Bd3 h6 19. Ne2 e5 20. Bc2 d5 21. Qa1 exf4
22. exf4 dxc4 23. Bf5 Rc7 24. bxc4 Bd6 25. Be3 Ba8 26. Rb1 Rb7 27. Nfd4 Nxd4
28. Rxd4 Re7 29. Rd3 Qb7 30. Bh3 b5 31. Rbd1 bxc4 32. Rb1 Qe4 33. Rc3 Rde8 34.
Ng3 Qc6 35. Nf5 Rxe3 36. Nxe3 Bc5 37. Re1 Nd5 38. Qc1 Qb6 39. Kh1 Nxc3 40. Qxc3
Rxe3 41. Qc1 Rxe1+ 42. Qxe1 Bc6 43. Qd1 Bd4 44. Bf5 Qb2 45. h3 0-1

[Event "XI Weekend C"]
[Site "Gorgonzola ITA"]
[Date "2006.11.18"]
[Round "4"]
[White "Idili, Leonardo"]
[Black "Crippa, Oscar"]
[Result "0-1"]
[WhiteElo "1710"]
[BlackElo "1607"]
[PlyCount "100"]
[EventDate "2006.11.11"]

1. d4 Nf6 2. c4 e5 3. dxe5 Ng4 4. Bf4 Nc6 5. Nf3 Bb4+ 6. Nbd2 Qe7 7. e3 O-O 8.
Be2 Ngxe5 9. Nxe5 Nxe5 10. O-O d6 11. Nb3 Rb8 12. a3 Bc5 13. Nxc5 dxc5 14. Qd5
Ng6 15. Bg5 Qe5 16. Qxe5 Nxe5 17. Be7 Re8 18. Bxc5 Be6 19. b3 b6 20. Bd4 Nc6
21. Bc3 Bf5 22. Rfd1 Rbd8 23. Bf3 Nb8 24. Rxd8 Rxd8 25. Rd1 Re8 26. Rd2 f6 27.
h3 Kf7 28. g4 Be6 29. Bg2 Ke7 30. f4 Rd8 31. Rxd8 Kxd8 32. f5 Bf7 33. Kf2 Nd7
34. Bd5 Bxd5 35. cxd5 Nc5 36. Bb4 Nxb3 37. Bf8 g6 38. e4 Ke8 39. Bb4 Nd4 40.
Ke3 Nc2+ 41. Kd3 Nxb4+ 42. axb4 a6 43. h4 gxf5 44. exf5 Ke7 45. Kd4 h6 46. Kc4
Kd6 47. Kd4 a5 48. g5 hxg5 49. h5 Ke7 50. h6 Kf7 0-1

[Event "XI Weekend C"]
[Site "Gorgonzola ITA"]
[Date "2006.11.18"]
[Round "4"]
[White "Magistroni, Imerio"]
[Black "Orsucci, Marzio"]
[Result "1-0"]
[WhiteElo "1693"]
[BlackElo "1583"]
[PlyCount "63"]
[EventDate "2006.11.11"]

1. d4 d5 2. c4 e6 3. Nc3 Nf6 4. Bg5 Nbd7 5. Nf3 Be7 6. e3 O-O 7. Qc2 a6 8. Bd3
dxc4 9. Bxc4 h6 10. h4 b5 11. Bb3 c5 12. dxc5 Nxc5 13. Rd1 Qa5 14. Bxf6 Bxf6
15. O-O Bb7 16. e4 Nxb3 17. e5 Bxf3 18. gxf3 Bxe5 19. axb3 Bf6 20. Ne4 Bxh4 21.
Kh1 Rac8 22. Qe2 Rfd8 23. Nd6 Rb8 24. Rg1 Qb6 25. Qe5 Bg5 26. f4 f6 27. Qxe6+
Kh7 28. fxg5 Qxf2 29. g6+ Kh8 30. Nf7+ Kg8 31. Nxd8+ Kh8 32. Qe8# 1-0

[Event "XI Weekend C"]
[Site "Gorgonzola ITA"]
[Date "2006.11.18"]
[Round "4"]
[White "Mariucci, Felice"]
[Black "Ronconi, Fausto"]
[Result "1-0"]
[WhiteElo "1661"]
[BlackElo "1730"]
[PlyCount "91"]
[EventDate "2006.11.11"]

1. Nf3 Nf6 2. b3 d5 3. Bb2 e6 4. e3 Be7 5. Be2 Nbd7 6. O-O O-O 7. d3 Bd6 8.
Nbd2 e5 9. c4 e4 10. dxe4 dxe4 11. Nd4 Ne5 12. Qc2 Neg4 13. h3 Nh2 14. Rfd1
Nfg4 15. Nxe4 Qh4 16. Nf3 Nxf3+ 17. Bxf3 Bf5 18. Qc3 Be5 19. Qc2 Bxb2 20. Qxb2
Bxe4 21. Bxg4 h5 22. Be2 Qg5 23. Bf1 Rfe8 24. Qe2 Bc6 25. Rd4 h4 26. Rad1 Re6
27. Rg4 Qh6 28. b4 a6 29. b5 axb5 30. cxb5 Be4 31. Qc4 f5 32. Rxh4 Qxh4 33.
Qxe6+ Kh7 34. f3 Qh5 35. g4 Qg5 36. fxe4 Qxe3+ 37. Kg2 fxe4 38. Qf5+ Kh8 39.
Qh5+ Qh6 40. Qxh6+ gxh6 41. Bc4 c6 42. bxc6 bxc6 43. Rd6 Kg7 44. Rxc6 Ra3 45.
Bb3 Ra7 46. Re6 1-0

[Event "XI Weekend C"]
[Site "Gorgonzola ITA"]
[Date "2006.11.18"]
[Round "4"]
[White "Nastasi, Maurizio"]
[Black "Squillante, Michele"]
[Result "0-1"]
[WhiteElo "1553"]
[BlackElo "1721"]
[PlyCount "58"]
[EventDate "2006.11.11"]

1. e4 c6 2. d4 d5 3. e5 Bf5 4. Nf3 e6 5. Be2 Bb4+ 6. c3 Ba5 7. Nbd2 Ne7 8. Nh4
Nd7 9. O-O O-O 10. Ndf3 h6 11. Be3 Bh7 12. g3 Nf5 13. Nxf5 Bxf5 14. Nh4 Bh7 15.
Bh5 Bb6 16. Qg4 Kh8 17. Qe2 c5 18. f4 f5 19. Ng6+ Bxg6 20. Bxg6 Qe7 21. Qh5
cxd4 22. cxd4 Kg8 23. h3 Rac8 24. g4 fxg4 25. f5 exf5 26. Bxf5 Rc4 27. Bg5 Qxe5
28. Rf4 Bxd4+ 29. Kh1 Nf6 0-1